| 000 | 00587 a2200181 4500 | ||
|---|---|---|---|
| 020 | _a0134568982 | ||
| 020 | _a9780134568980 | ||
| 090 |
_c2242 _d2242 |
||
| 100 | 1 | _aLovelock. | |
| 245 | 1 | 0 |
_aInstructors manual / _cLovelock. |
| 250 | _a3nd ed. | ||
| 260 |
_a[S.l.] : _bPearson US Imports & PHIPEs, _c1996. |
||
| 300 | _a1 v. (unpaged) | ||
| 500 | _aPaperback. | ||
| 856 | 4 | 0 |
_3Amazon.com _uhttp://www.amazon.com/exec/obidos/ASIN/0134568982/chopaconline-20 |
| 856 | 4 | 0 |
_3Amazon customer reviews _uhttp://www.chopac.org/cgi-bin/tools/azrev.pl?q=0134568982 |
| 942 |
_aNBS _cBK _k658.8 LOV |
||
| 999 |
_c344744 _d344744 |
||